Najbliższa stolica innej stolicy #2 - Statystyki

Ogólne statystyki
  • Ten quiz został rozwiązany 38 razy
  • Średni wynik to 13 z 20
Statystyki odpowiedzi
Stolica Inna najbliższa % Poprawnych
Dublin Londyn
100%
Paryż Bruksela
89%
Mińsk Wilno
89%
Seul Pjongjang
78%
Sztokholm Tallinn
78%
Kiszyniów Bukareszt
75%
Bratysława Wiedeń
72%
Vaduz Berno
69%
Islamabad Kabul
69%
Meksyk Gwatemala
64%
Rabat Lizbona
64%
Quito Bogota
61%
Dżakarta Singapur
61%
Phnom Penh Bangkok
53%
Singapur Kuala Lumpur
53%
Ankara Nikozja
47%
Dżibuti Sana
47%
Maskat Abu Zabi
44%
Bandżul Dakar
39%
Nassau Hawana
33%
Nie znaleziono quizów pasujących do podanych kryteriów
Rozkład punktacji
Procent ludzi z każdym wynikiem
Percentyl według liczby udzielonych odpowiedzi
Twoja historia wyników
Nie rozwiązałeś tego quizu